000 00345nam a22001097a 4500
008 230627b xxu||||| |||| 00| 0 eng d
082 _a338.9
_bKIM 1997
245 _aPenetrating National Policy Discourse: A Report on IPAR Mission to South-East Asia
260 _aNairobi
_bInstitute of Policy and Research
_c1997
300 _a27p
942 _2ddc
_cBK
999 _c2913
_d2913